00639cam a22002291 4500001001300000003000400013005001700017008004100034010001700075025001900092035002000111040002100131042001200152050001700164245002600181260001400207300006600221500001600287650005600303700003300359999001700392sa 65010171 DLC20260227112206.0940713m19631964ii abc d 000 0 beno  asa 65010171  aPL480:I-B-1884 a(OCoLC)30759523 aDLCcCUdCUdDLC apremarc00aAG90.B4bS5500aŚiśu-bhāratī. c[1963/64] a15, 400 (i.e. 402) p.bill. (part col.), maps, ports.c26 cm. aIn Bengali. 0aChildren's encyclopedias and dictionaries, Bengali.1 aGupta, Jogendra Nath,d1883- c66598d66598